| 000 | 00469nam a2200157 i 4500 | ||
|---|---|---|---|
| 001 | 58801 | ||
| 003 | ES-MaACL | ||
| 007 | t| | ||
| 008 | 031024s1961 sp ||||1| spa d | ||
| 100 | 1 |
_aHolthusen, Hans. _964085 |
|
| 245 | 1 | 3 |
_aEl buque _b: apuntes de un pasajero / _cHans Holthusen ; traducción de F. González. |
| 260 |
_aBarcelona : _bSeix Barral, _c1961. |
||
| 300 |
_a347 p. ; _c18 cm. |
||
| 700 | 1 |
_aGonzález, F. _958309 |
|
| 852 |
_aES-MaACL _jE-2487 _bR.47999 |
||
| 999 |
_c58801 _d58801 |
||